国連加盟国から承認されていない国 - Statistics

General Stats
  • This quiz has been taken 1,240 times
  • The average score is 7 of 17
Answer Stats
加盟状況 答え 承認していない加盟国の数(当事国を除く) 承認している加盟国の数 日本の承認 % Correct
国連加盟国 朝鮮民主主義人民共和国 8 184 ×
90%
国連非加盟国 中華民国 182 11 ×
81%
国連非加盟国 パレスチナ国 55 138 ×
62%
国連非加盟国 サハラ・アラブ民主共和国 148 45 ×
55%
国連非加盟国 コソボ共和国 75 118
49%
国連加盟国 イスラエル国 28 164
48%
国連加盟国 大韓民国 3 189
47%
国連非加盟国 バチカン市国 12 181
47%
国連加盟国 中華人民共和国 11 181
44%
国連非加盟国 北キプロス・トルコ共和国 192 1 ×
41%
国連非加盟国 ニウエ 169 24
39%
国連非加盟国 クック諸島 142 51
32%
国連加盟国 キプロス共和国 1 191
29%
国連非加盟国 アブハジア共和国 188 5 ×
28%
国連非加盟国 南オセチア共和国 188 5 ×
26%
国連加盟国 アルメニア共和国 1 191
12%
国連非加盟国 チェチェン・イチケリア共和国 192 1 ×
3%
No matching quizzes found
Score Distribution
Percent of People with Each Score
Percentile by Number Answered
Your Score History
You have not taken this quiz